Devinez le Pays Mystère #139 - Statistiques

Statistiques générales
  • Ce quiz a été pris 324 fois
  • Le résultat moyen est 13 sur 15
Statistiques - réponses
Type de Réponse Réponse % Correct
Lettre Bien Placée E
100%
Lettre Trouvée E
100%
Lettre Trouvée N
97%
Lettre Trouvée É
95%
Lettre Trouvée A
93%
Lettre Trouvée I
93%
Lettre Trouvée R
89%
Lettre Bien Placée I
88%
Lettre Bien Placée N
83%
Lettre Trouvée M
82%
Lettre Bien Placée R
80%
Lettre Bien Placée M
78%
Lettre Bien Placée A
77%
Lettre Bien Placée É
77%
Pays Mystère Arménie
76%
Aucun quiz correspondant
Distribution des résultats
% des personnes avec chaque résultat
Percentile par nombre de réponses
Votre historique - résultats
Vous n’avez pas pris ce quiz